Central Library OPAC University of Rajshahi

The genera of flowering plants : (Record no. 72637)

MARC details
000 -LEADER
fixed length control field 01007nam a2200277 a 4500
001 - CONTROL NUMBER
control field 72637
003 - CONTROL NUMBER IDENTIFIER
rucl marc code BD-RjUL
005 - DATE AND TIME OF LATEST TRANSACTION
control field 20211209082306.0
008 - FIXED-LENGTH DATA ELEMENTS--GENERAL INFORMATION
fixed length control field 170522m19681964enk b 001 0 eng d
035 ## - SYSTEM CONTROL NUMBER
System control number (BD-RjUL)72855
040 ## - CATALOGING SOURCE
Original cataloging agency DLC
Transcribing agency GAT
Modifying agency BD-RjUL
Language of cataloging eng
041 ## - LANGUAGE CODE
Language code of text/sound track or separate title eng
082 ## - DEWEY DECIMAL CLASSIFICATION NUMBER
Edition number 23
Classification number 583
Author mark and year HUG 1968
100 1# - MAIN ENTRY--PERSONAL NAME
Personal name Hutchinson, J.
Fuller form of name (John),
Dates associated with a name 1884-1972.
9 (RLIN) 214852
245 14 - TITLE STATEMENT
Title The genera of flowering plants :
Remainder of title (Angiospermae). Based principally on the Genera plantarum of G. Bentham and J.D. Hooker. /
Statement of responsibility, etc. by J. Hutchinson.
260 ## - PUBLICATION, DISTRIBUTION, ETC. (IMPRINT)
Place of publication, distribution, etc. Oxford :
Name of publisher, distributor, etc. Clarendon Press,
Date of publication, distribution, etc. 1964-1967 [Reprint 1968]
300 ## - PHYSICAL DESCRIPTION
Pagination v. ;
Size 24 cm.
500 ## - GENERAL NOTE
General note "Based principally on the Genera plantarum of G. Bentham and J.D. Hooker."
504 ## - BIBLIOGRAPHY, ETC. NOTE
Bibliography, etc Includes bibliographical references and indexes.
505 0# - FORMATTED CONTENTS NOTE
Formatted contents note v. 1 Dicotyledones-- v. 2 Dicotyledones--
650 #0 - SUBJECT ADDED ENTRY--TOPICAL TERM
Topical term or geographic name as entry element Dicotyledons
9 (RLIN) 148359
Topical term or geographic name as entry element Angiosperms.
9 (RLIN) 214853
Topical term or geographic name as entry element Plants
General subdivision Classification.
9 (RLIN) 158555
942 ## - ADDED ENTRY ELEMENTS (KOHA)
Source of classification or shelving scheme Dewey Decimal Classification
Koha item type Books
Holdings
Lost status Source of classification or shelving scheme Damaged status Not for loan Collection code Permanent Location Current Location Shelving location Date acquired Source of acquisition Cost, normal purchase price Total Checkouts Full call number Date last seen Copy number Koha item type
  Dewey Decimal Classification   Not For Loan Non-fiction Central Library, University of Rajshahi Central Library, University of Rajshahi Reading Room 31/10/1970 Sweets & Zeitlinger 147.00   583 HUG V-1 1967 22/05/2017 C-1 Books
  Dewey Decimal Classification     Non-fiction Central Library, University of Rajshahi Central Library, University of Rajshahi   16/04/1968 Zeitlinger 126.00   583 HUG V-1 1964 22/05/2017 C-2 Books
  Dewey Decimal Classification   Not For Loan Non-fiction Central Library, University of Rajshahi Central Library, University of Rajshahi Reading Room 31/10/1970 Sweets & Zeitlinger 190.00   583 HUG V-2 1968 22/05/2017 C-1 Books